| 000 | 00842nam a22001697a 4500 | ||
|---|---|---|---|
| 999 |
_c57257 _d57257 |
||
| 003 | Ge_BSU | ||
| 005 | 20200129105402.0 | ||
| 008 | 200129s2009 ||||| |||| 00| 0 geo d | ||
| 041 | _ageo | ||
| 080 | _a347(479.22)(094.4) ს-32 | ||
| 245 |
_aსაქართველოს სამოქალაქო კოდექსი : _b ანბანურ-საგნობრივი საძიებლით : ცვლილებებითა და დამატებებით 2009 წლის 5 თებერვლამდე |
||
| 300 |
_a344 გვ. ; _c20 სმ. |
||
| 440 |
_aიურისტის ბიბლიოთეკა _9137 |
||
| 500 | _aანბანურ-საგნობრივი საძიებელი: გვ. 315-343 | ||
| 653 | _aსამართალი | ||
| 942 |
_2udc _cBK |
||